[Event "DEM U8 2025"]
[Site "Willingen GER"]
[Date "2025.06.11"]
[Round "1"]
[White "Muradyan, Mark"]
[Black "Öngün, Magnus"]
[Result "0-1"]
[Termination "normal"]
[Board "21"]
[WhiteElo "849"]
[BlackElo "1165"]
[WhiteClock "00:52:12"]
[BlackClock "00:51:16"]
[PlyCount "78"]
[BlackFideId "533004978"]
[EventCountry "GER"]
[EventRounds "7"]
[EventType "swiss"]
[EventDate "2025.06.10"]

1. d4 {[%clk 01:00:28]} {[%emt 00:00:02]} Nf6 {[%clk 00:59:56]} {[%emt
00:00:35]} 2. Nf3 {[%clk 01:00:34]} {[%emt 00:00:08]} c5 {[%clk 00:59:52]}
{[%emt 00:00:18]} 3. dxc5 {[%clk 01:00:32]} {[%emt 00:00:17]} e6 {[%clk
00:59:46]} {[%emt 00:00:21]} 4. Nc3 {[%clk 01:00:29]} {[%emt 00:00:20]} Bxc5
{[%clk 00:59:42]} {[%emt 00:00:18]} 5. e4 {[%clk 01:00:25]} {[%emt 00:00:18]}
O-O {[%clk 00:59:20]} {[%emt 00:00:38]} 6. Bd3 {[%clk 01:00:27]} {[%emt
00:00:13]} Nc6 {[%clk 00:59:13]} {[%emt 00:00:23]} 7. Bg5 {[%clk 01:00:17]}
{[%emt 00:00:11]} Nd4 {[%clk 00:59:11]} {[%emt 00:00:30]} 8. Nxd4 {[%clk
01:00:04]} {[%emt 00:00:27]} Bxd4 {[%clk 00:59:12]} {[%emt 00:00:15]} 9. O-O
{[%clk 00:59:53]} {[%emt 00:00:20]} Qc7 {[%clk 00:59:07]} {[%emt 00:00:27]} 10.
Bxf6 {[%clk 00:59:21]} {[%emt 00:00:46]} Bxf6 {[%clk 00:59:12]} {[%emt
00:00:10]} 11. Re1 {[%clk 00:59:05]} {[%emt 00:00:29]} Be5 {[%clk 00:56:51]}
{[%emt 00:02:39]} 12. g3 {[%clk 00:59:07]} {[%emt 00:00:12]} Bxc3 {[%clk
00:56:55]} {[%emt 00:00:11]} 13. bxc3 {[%clk 00:59:09]} {[%emt 00:00:14]} Qxc3
{[%clk 00:57:00]} {[%emt 00:00:09]} 14. e5 {[%clk 00:58:45]} {[%emt 00:00:40]}
b6 {[%clk 00:57:00]} {[%emt 00:00:15]} 15. Rc1 {[%clk 00:58:31]} {[%emt
00:00:29]} Bb7 {[%clk 00:56:54]} {[%emt 00:00:21]} 16. Qh5 {[%clk 00:58:07]}
{[%emt 00:00:36]} h6 {[%clk 00:56:53]} {[%emt 00:00:18]} 17. Re4 {[%clk
00:57:49]} {[%emt 00:00:32]} Bxe4 {[%clk 00:56:54]} {[%emt 00:00:15]} 18. Bxe4
{[%clk 00:57:42]} {[%emt 00:00:22]} Rac8 {[%clk 00:56:47]} {[%emt 00:00:20]}
19. Bd3 {[%clk 00:57:37]} {[%emt 00:00:21]} Qb2 {[%clk 00:55:56]} {[%emt
00:00:55]} 20. Rd1 {[%clk 00:57:41]} {[%emt 00:00:24]} Qxa2 {[%clk 00:55:31]}
{[%emt 00:00:27]} 21. Qf3 {[%clk 00:57:47]} {[%emt 00:00:21]} Qa5 {[%clk
00:55:03]} {[%emt 00:00:43]} 22. Qe4 {[%clk 00:57:42]} {[%emt 00:00:19]} g6
{[%clk 00:54:53]} {[%emt 00:00:27]} 23. Qf4 {[%clk 00:57:22]} {[%emt 00:00:33]}
Kh7 {[%clk 00:54:29]} {[%emt 00:00:41]} 24. h4 {[%clk 00:56:47]} {[%emt
00:00:50]} h5 {[%clk 00:52:47]} {[%emt 00:01:57]} 25. g4 {[%clk 00:56:42]}
{[%emt 00:00:19]} hxg4 {[%clk 00:52:42]} {[%emt 00:00:21]} 26. Qxg4 {[%clk
00:56:46]} {[%emt 00:00:11]} Qxe5 {[%clk 00:52:32]} {[%emt 00:00:24]} 27. h5
{[%clk 00:56:10]} {[%emt 00:00:50]} Rg8 {[%clk 00:52:00]} {[%emt 00:00:49]} 28.
hxg6+ {[%clk 00:55:45]} {[%emt 00:00:38]} fxg6 {[%clk 00:51:43]} {[%emt
00:00:33]} 29. Qh4+ {[%clk 00:55:40]} {[%emt 00:00:19]} Kg7 {[%clk 00:51:37]}
{[%emt 00:00:22]} 30. Qg4 {[%clk 00:55:27]} {[%emt 00:00:26]} Qh5 {[%clk
00:51:33]} {[%emt 00:00:21]} 31. Qd4+ {[%clk 00:55:04]} {[%emt 00:00:38]} e5
{[%clk 00:51:37]} {[%emt 00:00:11]} 32. Qxd7+ {[%clk 00:55:05]} {[%emt
00:00:14]} Kh8 {[%clk 00:51:35]} {[%emt 00:00:17]} 33. Kg2 {[%clk 00:54:54]}
{[%emt 00:00:26]} Qxd1 {[%clk 00:51:19]} {[%emt 00:00:31]} 34. Qh3+ {[%clk
00:54:17]} {[%emt 00:00:52]} Qh5 {[%clk 00:51:17]} {[%emt 00:00:18]} 35. Qe6
{[%clk 00:54:05]} {[%emt 00:00:27]} Rcf8 {[%clk 00:51:05]} {[%emt 00:00:26]}
36. Bc4 {[%clk 00:53:36]} {[%emt 00:00:44]} Qf3+ {[%clk 00:51:08]} {[%emt
00:00:13]} 37. Kh2 {[%clk 00:52:49]} {[%emt 00:00:59]} Qxf2+ {[%clk 00:51:10]}
{[%emt 00:00:15]} 38. Kh3 {[%clk 00:52:34]} {[%emt 00:00:29]} Rf3+ {[%clk
00:51:10]} {[%emt 00:00:16]} 39. Kg4 {[%clk 00:52:12]} {[%emt 00:00:37]} Qg3#
{[%clk 00:51:16]} {[%emt 00:00:09]} 0-1

[Event "DEM U8 2025"]
[Site "Willingen GER"]
[Date "2025.06.11"]
[Round "1"]
[White "Rohr, Leo Max"]
[Black "Gurevich, Lev"]
[Result "1/2-1/2"]
[Termination "normal"]
[Board "22"]
[WhiteElo "1160"]
[BlackElo "799"]
[WhiteClock "00:41:07"]
[BlackClock "00:54:29"]
[PlyCount "108"]
[WhiteFideId "533004340"]
[EventCountry "GER"]
[EventRounds "7"]
[EventType "swiss"]
[EventDate "2025.06.10"]

1. d4 {[%clk 01:00:29]} d5 {[%clk 01:00:27]} {[%emt 00:00:03]} 2. Nf3 {[%clk
01:00:40]} {[%emt 00:00:04]} Nf6 {[%clk 01:00:14]} {[%emt 00:00:28]} 3. e3
{[%clk 01:00:44]} {[%emt 00:00:11]} a6 {[%clk 01:00:20]} {[%emt 00:00:09]} 4.
Bd3 {[%clk 01:00:47]} {[%emt 00:00:12]} Nc6 {[%clk 01:00:21]} {[%emt 00:00:14]}
5. a3 {[%clk 01:00:45]} {[%emt 00:00:17]} e6 {[%clk 01:00:19]} {[%emt
00:00:17]} 6. b3 {[%clk 01:00:43]} {[%emt 00:00:17]} Bd6 {[%clk 01:00:19]}
{[%emt 00:00:15]} 7. Bb2 {[%clk 01:00:45]} {[%emt 00:00:12]} b6 {[%clk
00:59:57]} {[%emt 00:00:38]} 8. Ne5 {[%clk 01:00:46]} {[%emt 00:00:14]} Bxe5
{[%clk 00:59:52]} {[%emt 00:00:20]} 9. dxe5 {[%clk 01:00:47]} {[%emt 00:00:15]}
Ne4 {[%clk 00:59:48]} {[%emt 00:00:19]} 10. Nd2 {[%clk 01:00:19]} {[%emt
00:00:43]} Nxd2 {[%clk 00:59:41]} {[%emt 00:00:21]} 11. Qxd2 {[%clk 01:00:19]}
{[%emt 00:00:16]} Bb7 {[%clk 00:59:32]} {[%emt 00:00:22]} 12. O-O {[%clk
00:59:42]} {[%emt 00:00:53]} Na5 {[%clk 00:59:29]} {[%emt 00:00:18]} 13. f4
{[%clk 00:58:29]} {[%emt 00:01:27]} c5 {[%clk 00:59:26]} {[%emt 00:00:19]} 14.
b4 {[%clk 00:57:23]} {[%emt 00:01:22]} cxb4 {[%clk 00:59:28]} {[%emt 00:00:13]}
15. axb4 {[%clk 00:57:23]} {[%emt 00:00:14]} Nc4 {[%clk 00:59:31]} {[%emt
00:00:11]} 16. Bxc4 {[%clk 00:57:27]} {[%emt 00:00:12]} dxc4 {[%clk 00:59:32]}
{[%emt 00:00:12]} 17. Qc3 {[%clk 00:56:23]} {[%emt 00:01:21]} b5 {[%clk
00:59:11]} {[%emt 00:00:36]} 18. Rfd1 {[%clk 00:55:58]} {[%emt 00:00:39]} Qc7
{[%clk 00:59:05]} {[%emt 00:00:21]} 19. Rd6 {[%clk 00:55:07]} {[%emt 00:01:07]}
Rd8 {[%clk 00:59:09]} {[%emt 00:00:11]} 20. Rad1 {[%clk 00:55:07]} {[%emt
00:00:16]} Rxd6 {[%clk 00:58:55]} {[%emt 00:00:27]} 21. Rxd6 {[%clk 00:55:10]}
{[%emt 00:00:13]} Ke7 {[%clk 00:58:39]} {[%emt 00:00:29]} 22. Qd2 {[%clk
00:54:57]} {[%emt 00:00:29]} Rd8 {[%clk 00:58:38]} {[%emt 00:00:16]} 23. Bd4
{[%clk 00:54:22]} {[%emt 00:00:51]} Rd7 {[%clk 00:57:13]} {[%emt 00:01:39]} 24.
Bc5 {[%clk 00:53:53]} {[%emt 00:00:44]} Ke8 {[%clk 00:57:15]} {[%emt 00:00:13]}
25. c3 {[%clk 00:52:11]} {[%emt 00:01:58]} Rxd6 {[%clk 00:57:16]} {[%emt
00:00:14]} 26. Bxd6 {[%clk 00:52:17]} {[%emt 00:00:09]} Qc6 {[%clk 00:57:17]}
{[%emt 00:00:14]} 27. h3 {[%clk 00:49:55]} {[%emt 00:02:37]} g6 {[%clk
00:57:14]} {[%emt 00:00:17]} 28. Kh2 {[%clk 00:50:00]} {[%emt 00:00:11]} h6
{[%clk 00:57:08]} {[%emt 00:00:20]} 29. Kg3 {[%clk 00:49:04]} {[%emt 00:01:12]}
h5 {[%clk 00:57:06]} {[%emt 00:00:17]} 30. h4 {[%clk 00:48:43]} {[%emt
00:00:35]} Qd5 {[%clk 00:57:04]} {[%emt 00:00:17]} 31. Qxd5 {[%clk 00:47:49]}
{[%emt 00:01:11]} exd5 {[%clk 00:57:07]} {[%emt 00:00:11]} 32. Kf2 {[%clk
00:46:48]} {[%emt 00:01:14]} Kd7 {[%clk 00:57:08]} {[%emt 00:00:16]} 33. g3
{[%clk 00:46:51]} {[%emt 00:00:12]} Ke6 {[%clk 00:57:10]} {[%emt 00:00:13]} 34.
Bc5 {[%clk 00:46:00]} {[%emt 00:01:06]} f6 {[%clk 00:57:02]} {[%emt 00:00:23]}
35. Bd4 {[%clk 00:45:48]} {[%emt 00:00:27]} fxe5 {[%clk 00:56:58]} {[%emt
00:00:18]} 36. fxe5 {[%clk 00:45:37]} {[%emt 00:00:25]} Kf5 {[%clk 00:56:45]}
{[%emt 00:00:29]} 37. Kf3 {[%clk 00:45:26]} {[%emt 00:00:27]} Ke6 {[%clk
00:56:34]} {[%emt 00:00:22]} 38. g4 {[%clk 00:45:03]} {[%emt 00:00:41]} hxg4+
{[%clk 00:55:36]} {[%emt 00:01:13]} 39. Kxg4 {[%clk 00:45:00]} {[%emt
00:00:19]} Bc8 {[%clk 00:55:45]} {[%emt 00:00:06]} 40. Kg5 {[%clk 00:44:39]}
{[%emt 00:00:37]} Kf7 {[%clk 00:55:52]} {[%emt 00:00:07]} 41. h5 {[%clk
00:44:03]} {[%emt 00:00:51]} gxh5 {[%clk 00:55:52]} {[%emt 00:00:13]} 42. Kxh5
{[%clk 00:44:12]} {[%emt 00:00:06]} Ke6 {[%clk 00:55:27]} {[%emt 00:00:41]} 43.
Kg6 {[%clk 00:43:31]} {[%emt 00:00:56]} Ke7 {[%clk 00:55:26]} {[%emt 00:00:17]}
44. Kg5 {[%clk 00:43:31]} {[%emt 00:00:14]} Kf7 {[%clk 00:55:11]} {[%emt
00:00:30]} 45. Kf4 {[%clk 00:43:29]} {[%emt 00:00:18]} Kg6 {[%clk 00:55:11]}
{[%emt 00:00:15]} 46. e4 {[%clk 00:43:13]} {[%emt 00:00:30]} dxe4 {[%clk
00:55:15]} {[%emt 00:00:11]} 47. Kxe4 {[%clk 00:43:02]} {[%emt 00:00:27]} Kg5
{[%clk 00:55:27]} {[%emt 00:00:03]} 48. Kd5 {[%clk 00:42:36]} {[%emt 00:00:41]}
Kf5 {[%clk 00:55:18]} {[%emt 00:00:23]} 49. Kd6 {[%clk 00:42:43]} {[%emt
00:00:09]} Be6 {[%clk 00:54:46]} {[%emt 00:00:45]} 50. Kc7 {[%clk 00:41:44]}
{[%emt 00:01:16]} Kg6 {[%clk 00:54:41]} {[%emt 00:00:18]} 51. Kd8 {[%clk
00:41:33]} {[%emt 00:00:28]} Kg5 {[%clk 00:54:32]} {[%emt 00:00:24]} 52. Kc7
{[%clk 00:41:26]} {[%emt 00:00:22]} Kg6 {[%clk 00:54:27]} {[%emt 00:00:18]} 53.
Kc6 {[%clk 00:41:25]} {[%emt 00:00:15]} Kg5 {[%clk 00:54:17]} {[%emt 00:00:27]}
54. Kd6 {[%clk 00:41:07]} {[%emt 00:00:33]} Kf5 {[%clk 00:54:29]} {[%emt
00:00:04]} 1/2-1/2